000 01595nam0a2200361 4500
001 RU\NLR\bibl\742222
005 20260405102821.0
010 _a5-94818-024-7
_91000
021 _aRU
_b2004-76757
_93784
035 _a(NLR Aleph) 000732088
090 _a769060
_c769060
100 _a20050331d2004 |||y0rusy50 ca
101 0 _arus
_deng
102 _aRU
105 _aa |||||||||
200 1 _aМиллиметровые волны и живые системы
_fО.В. Бецкий, В.В. Кислов, Н.Н. Лебедева
210 _aМосква
_cСАЙНС-ПРЕСС
_d2004
215 _a271 с.
_cил.
_d21
225 1 _aНаучная серия "Информационные технологии и живые системы"
_fред. д.ф.-м.н. В.В. Кислов
300 _aРез. на англ. яз.
320 _aБиблиогр.: с. 213-232 (201 назв.)
606 1 _aМиллиметровые волны
_xПрименение в биологии
_91812297
_3RU\NLR\auth\66817686
606 1 _aКВЧ-терапия
_91897467
_3RU\NLR\auth\661153615
686 _aЕ071.22
686 _aР354.26
700 1 _aБецкий
_bО. В.
_gОлег Владимирович
_4070
701 1 _aКислов
_bВ. В.
_gВладимир Владимирович
_4070
701 1 _4070
_8rus
_7ca
_aЛебедева
_bН. Н.
_cд-р биол. наук, канд. мед. наук
_gНаталия Николаевна
_3RU\NLR\auth\7738524
_921508
801 0 _aRU
_bNLR
_c20050331
_grcr
801 1 _aRU
_bNLR
_c20050331
942 _cBOOK
980 _aNB